BSOP header

Simple meditations : (Record no. 8735)

MARC details
000 -LEADER
fixed length control field 00546nam a2200169 4500
008 - FIXED-LENGTH DATA ELEMENTS--GENERAL INFORMATION
fixed length control field 020517s1999 ch chiCO
090 #0 - LOCALLY ASSIGNED LC-TYPE CALL NUMBER (OCLC); LOCAL CALL NUMBER (OCLC)
Classification number (OCLC) (R) ; Classification number, CALL (RLIN) (NR) BV4839.C5
Local cutter number (OCLC) ; Book number/undivided call number, CALL (RLIN) W42
100 1# - MAIN ENTRY--PERSONAL NAME
Personal name Wei Ti Xiang
245 10 - TITLE STATEMENT
Title Simple meditations :
Remainder of title spiritual exercises{ch} /
Statement of responsibility, etc Wei Ti Xiang.
260 ## - PUBLICATION, DISTRIBUTION, ETC. (IMPRINT)
Place of publication, distribution, etc Taiwan :
Name of publisher, distributor, etc Zhang Jing Lu Co.,
Date of publication, distribution, etc c1999.
300 ## - PHYSICAL DESCRIPTION
Extent 255 p.
650 #4 - SUBJECT ADDED ENTRY--TOPICAL TERM
Topical term or geographic name as entry element Devotional exercises{ch}.
650 #4 - SUBJECT ADDED ENTRY--TOPICAL TERM
Topical term or geographic name as entry element Devotional literature{ch}.
650 #4 - SUBJECT ADDED ENTRY--TOPICAL TERM
Topical term or geographic name as entry element Meditations{ch}.
951 ## - EQUIVALENCE OR CROSS-REFERENCE-GEOGRAPHIC NAME/AREA NAME [OBSOLETE] [CAN/MARC only]
General subdivision 00027936
950 0# - LOCAL HOLDINGS (RLIN)
-- 12.50
951 ## - EQUIVALENCE OR CROSS-REFERENCE-GEOGRAPHIC NAME/AREA NAME [OBSOLETE] [CAN/MARC only]
-- C-4049
-- BV4839.C5/W42
-- 070613111123546
-- 2000-12-21
-- CH
Holdings
Withdrawn status Lost status Damaged status Not for loan Home library Current library Shelving location Date acquired Accession number Shelving control number Total Checkouts Full call number Barcode Date last seen Price effective from Koha item type
        BSOP Library BSOP Library Chinese Books (General Circulation) 12/21/2000 C-4049 127   BV4839.C5/W42 00027936 02/23/2013 02/23/2013 Books
BSOP

Biblical Seminary of the Philippines
  All rights Reserved
  © 2024

CONTACT INFORMATION

Biblical Seminary of the Philippines,
  77-B Karuhatan Road, Valenzuela City,
  PHILIPPINES 1441
  Phone: +632 8292-6795 / 8292-6798
  Fax : +632 8292-6675
  Email: library@bsop.edu.ph